[Event "1/64 Finale"]
[Site "www.chess-mail.com"]
[Date "2016.07.04"]
[Round "1"]
[White "Bluetealeaf"]
[Black "Oroden"]
[WhiteElo "1720"]
[BlackElo "2139"]
[Result "0-1"]
[Round "1"]
1.e4 e5
2.Ng1f3 Nb8c6
3.c3 Ng8f6
4.Bf1d3 d5
5.O-O dxe4
6.Bd3xe4 Nf6xe4
7.Qd1e2 Bc8f5
8.d3 Ne4c5
9.Nf3xe5 Qd8e7
10.Bc1f4 Nc5xd3
11.Qe2d2 Nc6xe5
12.Bf4g5 f6
13.Bg5f4 O-O-O
14.a4 Ne5c4
15.Qd2d1 Nd3xf4
16.Qd1f3 g5
17.b3 Rd8d3
18.Qf3xd3 Bf5xd3
19.Rf1d1 Qe7e4
20.f3 Qe4e2
{ resign }
0-1

[Event "1/16 Finale"]
[Site "www.chess-mail.com"]
[Date "2016.07.04"]
[Round "1"]
[White "Ecijaajedrez"]
[Black "Yangqi"]
[WhiteElo "2400"]
[BlackElo "2630"]
[Result "0-1"]
[Round "1"]
1.d4 Ng8f6
2.c4 g6
3.Nb1c3 d5
4.cxd5 Nf6xd5
5.e4 Nd5xc3
6.bxc3 Bf8g7
7.Bc1g5 c5
8.Ra1c1 O-O
9.Ng1f3 Bc8g4
10.d5 Qd8d6
11.Bf1e2 Nb8d7
12.O-O Bg4xf3
13.Be2xf3 b5
14.Qd1d2 c4
15.Qd2e3 Rf8d8
16.Bf3g4 { time. }
0-1

[Event "Tourn. n8828"]
[Site "www.chess-mail.com"]
[Date "2016.07.05"]
[Round "1"]
[White "Kampungboy"]
[Black "Julian"]
[WhiteElo "2009"]
[BlackElo "2040"]
[Result "1-0"]
[Round "1"]
1.e4 c5
2.d4 cxd4
3.c3 Nb8c6
4.cxd4 d5
5.exd5 Qd8xd5
6.Ng1f3 Bc8g4
7.Nb1c3 Qd5a5
8.d5 Nc6e5
9.Bf1b5 Ne5d7
10.Qd1b3 O-O-O
11.Qb3c4 Kb8
12.Qc4xg4 Ng8f6
13.Qg4g3 Ka8
14.O-O g6
15.Nf3g5 Bf8g7
16.Ng5xf7 Nf6h5
17.Qg3h3 Nd7f6
18.Nf7xd8 Rh8xd8
19.Bc1e3 Nf6xd5
20.Nc3xd5 a6
21.Ra1c1 { resign }
1-0

[Event "Tourn. n8773"]
[Site "www.chess-mail.com"]
[Date "2016.07.05"]
[Round "1"]
[White "Julian"]
[Black "Genius2"]
[WhiteElo "2060"]
[BlackElo "2080"]
[Result "1-0"]
[Round "1"]
1.e4 e5
2.Ng1f3 d6
3.d4 exd4
4.Nf3xd4 Ng8f6
5.Nb1c3 Bf8e7
6.Bf1c4 O-O
7.O-O c6
8.Bc1g5 Rf8e8
9.h3 h6
10.Bg5h4 Qd8c7
11.Nd4e2 b5
12.Bc4b3 a6
13.a4 Bc8b7
14.Ne2d4 Nb8d7
15.f4 Nd7c5
16.axb5 Nc5xb3
17.cxb3 axb5
18.Ra1c1 Qc7b6
19.Kh1 Ra8c8
20.Bh4f2 Qb6d8
21.e5 dxe5
22.fxe5 Nf6h7
23.Nc3e4 Nh7f8
24.Nd4f5 Qd8xd1
25.Rf1xd1 Nf8g6
26.Nf5xe7 Re8xe7
{ time. }
1-0

[Event "Tourn. n8837"]
[Site "www.chess-mail.com"]
[Date "2016.07.05"]
[Round "1"]
[White "Kampungboy"]
[Black "Osopanda"]
[WhiteElo "2010"]
[BlackElo "2000"]
[Result "1-0"]
[Round "1"]
1.e4 c5
2.d4 cxd4
3.c3 d5
4.exd5 Qd8xd5
5.cxd4 Nb8c6
6.Ng1f3 Bc8g4
7.Nb1c3 Qd5a5
8.d5 Nc6e5
9.Bf1b5 Ne5d7
10.Qd1b3 O-O-O
11.Qb3c4 Kb8
12.Qc4xg4 Nd7f6
13.Qg4g3 Ka8
14.O-O e6
15.Nf3g5 Ng8h6
16.dxe6 Bf8d6
17.Qg3f3 fxe6
18.Ng5xe6 Rd8f8
19.Ne6xf8 Rh8xf8
20.Bc1xh6 gxh6
21.Ra1d1 a6
22.Rd1xd6 axb5
23.Rd6xf6 { resign }
1-0

[Event "Tourn. n8799"]
[Site "www.chess-mail.com"]
[Date "2016.07.05"]
[Round "1"]
[White "Esperanza"]
[Black "Attatroll"]
[WhiteElo "1819"]
[BlackElo "1910"]
[Result "1/2-1/2"]
[Round "1"]
1.e4 d6
2.Ng1f3 Ng8f6
3.Nb1c3 g6
4.d4 Bf8g7
5.Bf1c4 O-O
6.O-O c6
7.Bc1g5 Nb8d7
8.Qd1d2 e5
9.d5 c5
10.h3 Nd7b6
11.Bc4e2 Bc8d7
12.Bg5h6 Rf8e8
13.Bh6xg7 Kxg7
14.Nf3h2 Qd8e7
15.a4 Ra8c8
16.a5 Nb6a8
17.Ra1a3 Na8c7
18.Rf1e1 a6
19.Be2f1 Bd7b5
20.Nc3xb5 Nc7xb5
21.Bf1xb5 axb5
22.Nh2g4 Nf6xg4
23.hxg4 Qe7h4
24.Ra3h3 Qh4xg4
25.Qd2h6 Kf6
26.Rh3f3 Ke7
27.Qh6xh7 Re8f8
28.Rf3g3 Qg4h5
29.Qh7xh5 gxh5
30.Rg3h3 Rf8h8
31.g3 Rc8g8
32.Kf1 Rg8g4
33.f3 Rg4g5
34.Kf2 f5
35.exf5 Rg5xf5
36.g4 Rf5g5
37.Re1h1 Kf6
38.Rh3xh5 Rg5xh5
39.Rh1xh5 Rh8xh5
40.gxh5 Kg5
41.Ke3 Kxh5
42.f4 exf4
43.Kxf4 Kg6
44.Kg4 { draw }
1/2-1/2

[Event "Tourn. n8826"]
[Site "www.chess-mail.com"]
[Date "2016.07.05"]
[Round "1"]
[White "Louis"]
[Black "Amaya"]
[WhiteElo "2000"]
[BlackElo "2020"]
[Result "0-1"]
[Round "1"]
1.b4 Ng8f6
2.Bc1b2 d5
3.Ng1f3 Nb8c6
4.a3 Bc8g4
5.e3 e5
6.h3 Bg4h5
7.g4 Bh5g6
8.b5 Nc6e7
9.Nf3xe5 h6
10.c4 dxc4
11.Bf1xc4 Ne7d5
12.Ne5xg6 fxg6
 { time }
0-1

[Event "Tourn. n8827"]
[Site "www.chess-mail.com"]
[Date "2016.07.05"]
[Round "1"]
[White "Louis"]
[Black "Amaya"]
[WhiteElo "2000"]
[BlackElo "2020"]
[Result "0-1"]
[Round "1"]
1.b4 e5
2.Bc1b2 d6
3.c4 Bc8e6
4.e3 Ng8e7
5.Ng1f3 f5
6.d4 e4
7.d5 Be6f7
8.Nf3g5 Bf7g6
9.h4 Bg6f7
10.g4 h6
11.Ng5xf7 Kxf7
12.gxf5 Ne7xf5
 { time }
0-1

[Event "Tourn. n8708"]
[Site "www.chess-mail.com"]
[Date "2016.07.05"]
[Round "1"]
[White "Ejner"]
[Black "Seger"]
[WhiteElo "2249"]
[BlackElo "2730"]
[Result "0-1"]
[Round "1"]
1.d4 Ng8f6
2.c4 e6
3.Ng1f3 b6
4.e3 c5
5.Nb1c3 d6
6.Bf1d3 a6
7.O-O Bc8b7
8.d5 exd5
9.cxd5 Nf6xd5
10.Nc3xd5 Bb7xd5
11.Bd3xh7 Bd5b7
12.Bh7c2 Bf8e7
13.e4 Qd8c7
14.Bc1f4 Nb8c6
15.Ra1c1 O-O-O
16.a3 Be7f6
17.b4 c4
18.a4 Bf6e5
19.Nf3xe5 dxe5
20.Qd1g4 Kb8
21.Bf4g3 f6
22.b5 Nc6d4
23.Bc2d3 Bb7c8
24.Qg4d1 Bc8e6
25.Bd3b1 Nd4b3
26.Qd1e2 Nb3xc1
27.Rf1xc1 axb5
28.axb5 Qc7c5
29.Bb1a2 Rd8d4
30.h3 Rh8d8
31.Rc1c2 Kb7
32.Kh2 Qc5b4
33.Qe2e3 Rd4d2
34.Ba2b1 Rd2d1
35.Bb1a2 Rd8d3
36.Qe3e2 Rd1e1
37.Qe2h5 Rd3d1
38.Qh5e8 Re1h1

0-1

[Event "Tourn. n8807"]
[Site "www.chess-mail.com"]
[Date "2016.07.05"]
[Round "1"]
[White "Gfalk"]
[Black "Genius9"]
[WhiteElo "1930"]
[BlackElo "1830"]
[Result "0-1"]
[Round "1"]
1.f4 d5
2.Ng1f3 c5
3.g3 Ng8f6
4.Bf1g2 Nb8c6
5.O-O e6
6.d3 Bf8e7
7.Qd1e1 d4
8.h3 O-O
9.e4 dxe3
10.Bc1xe3 Qd8c7
11.Nb1d2 Nf6d5
12.Be3f2 b6
 { time }
0-1

[Event "Tourn. n8757"]
[Site "www.chess-mail.com"]
[Date "2016.07.05"]
[Round "1"]
[White "Ejner"]
[Black "Jpmartinez"]
[WhiteElo "2390"]
[BlackElo "2580"]
[Result "0-1"]
[Round "1"]
1.d4 d5
2.c4 e6
3.Ng1f3 c6
4.Bc1g5 Ng8f6
5.Nb1d2 h6
6.Bg5xf6 Qd8xf6
7.e3 Nb8d7
8.Bf1d3 g6
9.O-O Bf8g7
10.Qd1c2 O-O
11.cxd5 exd5
12.b4 Qf6d6
13.Ra1b1 a5
14.b5 c5
15.dxc5 Nd7xc5
16.Rb1c1 Nc5xd3
17.Qc2xd3 Bc8f5
18.e4 Bf5e6
19.e5 Bg7xe5
20.Nf3xe5 Qd6xe5
21.Rf1e1 Qe5f4
22.g3 Qf4f6
23.Rc1c7 Ra8e8
24.Nd2b3 a4
25.Nb3c5 Be6h3
{ resign }
0-1

[Event "Tourn. n8862"]
[Site "www.chess-mail.com"]
[Date "2016.07.05"]
[Round "1"]
[White "Vitoriccardo"]
[Black "Estonia"]
[WhiteElo "2040"]
[BlackElo "2010"]
[Result "0-1"]
[Round "1"]
1.e4 e5
2.Ng1f3 Nb8c6
3.Bf1c4 Ng8f6
4.Nf3g5 d5
5.exd5 Nc6a5
6.Bc4b5 c6
7.dxc6 bxc6
8.Bb5e2 h6
9.Ng5f3 e4
10.Nf3d4 Qd8xd4
{ resign }
0-1

[Event "Tourn. n8863"]
[Site "www.chess-mail.com"]
[Date "2016.07.05"]
[Round "1"]
[White "Bojan"]
[Black "Picifarkinca"]
[WhiteElo "1960"]
[BlackElo "1960"]
[Result "0-1"]
[Round "1"]
1.b4 b6
2.c4 Bc8b7
3.Bc1b2 Ng8f6
4.a4 e6
5.b5 a5
6.e3 g6
7.f3 Bf8g7
8.d3 O-O
9.Nb1d2 d5
10.Ra1c1 c5
11.Rc1c2 Nb8d7
12.Ng1h3 e5
13.e4 d4
14.f4 Qd8e7
15.Nd2f3 exf4
16.Nh3xf4 Nd7e5
17.Bf1e2 Ne5g4
18.Bb2c1 Rf8e8
19.Nf3g5 Ng4e5
20.h3 h6
21.Ng5f3 g5
22.Nf4d5 Nf6xd5
23.cxd5 f5
24.Nf3xe5 Qe7xe5
25.Be2f3 Qe5g3
26.Kf1 fxe4
27.dxe4 d3
28.Qd1xd3 Ra8d8
29.Qd3b3 Bb7xd5
30.exd5 Re8e1

0-1

[Event "Tourn. n8808"]
[Site "www.chess-mail.com"]
[Date "2016.07.05"]
[Round "1"]
[White "Guzenko"]
[Black "Silent1"]
[WhiteElo "1840"]
[BlackElo "1850"]
[Result "1-0"]
[Round "1"]
1.e4 d6
2.Nb1c3 e5
3.Ng1f3 Ng8f6
4.Bf1c4 h6
5.O-O Bf8e7
6.d4 Bc8g4
7.dxe5 Nf6h7
8.Qd1d5 O-O
9.exd6 c6
10.dxe7 Qd8xe7
11.Qd5d3 Bg4xf3
12.Qd3xf3 Nb8d7
13.Bc1f4 Nd7e5
14.Bf4xe5 Qe7xe5
15.a3 Nh7g5
16.Qf3e3 Ng5e6
17.Bc4xe6 Qe5xe6
18.f4 Rf8d8
19.Ra1d1 b6
20.Rd1xd8 Ra8xd8
21.Rf1d1 Rd8xd1
22.Nc3xd1 c5
23.Nd1c3 Qe6g4
24.h3 Qg4d7
25.e5 Qd7e6
26.Qe3e4 f5
27.exf6 Qe6xf6
28.Qe4e5 Qf6xe5
29.fxe5 Kf7
30.Nc3b5 a6
31.Nb5c7 a5
32.a4 Ke7
33.Kf2 g5
34.Ke3 Kd7
35.Nc7d5 Kc6
36.Ke4 { resign }
1-0

[Event "Tourn. n8863"]
[Site "www.chess-mail.com"]
[Date "2016.07.05"]
[Round "1"]
[White "Sachpat"]
[Black "Bojan"]
[WhiteElo "1809"]
[BlackElo "1960"]
[Result "1-0"]
[Round "1"]
1.e4 e5
2.Ng1f3 d6
3.d4 exd4
4.Nf3xd4 Bf8e7
5.c4 Bc8d7
6.Nb1c3 Nb8c6
7.Nd4c2 h6
8.Bf1e2 Ng8f6
9.O-O Nc6e5
10.f4 Ne5c6
11.Be2f3 Qd8c8
12.Nc3d5 Nf6xd5
13.exd5 Nc6a5
14.Qd1e2 b6
15.b4 Na5b7
16.Rf1e1 Qc8d8
17.Nc2d4 Kf8
18.Nd4c6 Bd7xc6
19.dxc6 Nb7c5
20.bxc5 dxc5
21.Bc1b2 Be7d6
22.Bb2e5 Kg8
23.Ra1d1 f6
24.Be5xd6 cxd6
25.c7 { resign }
1-0

[Event "Tourn. n8865"]
[Site "www.chess-mail.com"]
[Date "2016.07.05"]
[Round "1"]
[White "Caspito"]
[Black "Daquata"]
[WhiteElo "1810"]
[BlackElo "1910"]
[Result "1-0"]
[Round "1"]
1.e4 c5
2.d4 cxd4
3.Qd1xd4 Nb8c6
4.Qd4d1 d6
5.Bf1b5 Ng8f6
6.Nb1c3 Bc8d7
7.Bc1g5 e5
8.Ng1f3 Bf8e7
9.Bg5xf6 Be7xf6
10.Qd1xd6 Qd8e7
11.Qd6xe7 Kxe7
12.Nc3d5 Kd8
13.Ra1d1 { resign }
1-0

[Event "Tourn. n8786"]
[Site "www.chess-mail.com"]
[Date "2016.07.05"]
[Round "1"]
[White "Jhzes"]
[Black "Mrfunk"]
[WhiteElo "2319"]
[BlackElo "2550"]
[Result "1-0"]
[Round "1"]
1.e4 c5
2.Ng1f3 d6
3.d4 cxd4
4.Nf3xd4 Ng8f6
5.Bf1b5 Bc8d7
6.Bb5xd7 Nb8xd7
7.Nb1c3 e6
8.Bc1g5 Bf8e7
9.Bg5xf6 Be7xf6
10.Nd4b5 Qd8b6
11.Nb5xd6 Ke7
12.Nd6c4 Qb6b4
13.Qd1d3 Rh8d8
14.a3 Qb4c5
15.b4 Qc5h5
16.O-O Nd7e5
17.Qd3d1  { time }
1-0

[Event "Tourn. n8762"]
[Site "www.chess-mail.com"]
[Date "2016.07.05"]
[Round "1"]
[White "Romaamor69"]
[Black "Ipolit"]
[WhiteElo "2069"]
[BlackElo "2129"]
[Result "1-0"]
[Round "1"]
1.c4 e5
2.g3 c6
3.d4 exd4
4.Qd1xd4 d5
5.Bf1g2 dxc4
6.Qd4xd8 Kxd8
7.Ng1f3 Bf8d6
8.O-O Nb8d7
9.Rf1d1 Ke7
10.Nb1d2 Nd7b6
11.a4 a5
12.Nd2e4 Bd6b4
13.Bc1e3 Nb6d5
14.Be3d4 Ng8f6
15.Ne4xf6 Nd5xf6
16.Ra1c1 Bc8e6
17.Nf3e5 Rh8d8
18.Ne5xc4 Be6xc4
19.Rc1xc4 c5
20.Bd4xf6 Kxf6
21.Rc4f4 Ke7
22.Rd1xd8 Ra8xd8
23.Bg2xb7 Rd8d4
24.Rf4xd4 cxd4
25.Kg2 Ke6
26.Kf3 Ke5
27.Bb7a6 Bb4e1
28.e3 dxe3
29.Kxe3 Be1b4
30.f4 Kd5
31.h3 f6
32.Ba6d3  { time }
1-0

[Event "Match"]
[Site "www.echecsemail.com"]
[Date "2016.07.05"]
[Round "1"]
[White "Jacks"]
[Black "Nimzo"]
[WhiteElo "2870"]
[BlackElo "2830"]
[Result "1/2-1/2"]
[Round "1"]
1.d4 Ng8f6
2.Bc1g5 Nf6e4
3.Bg5f4 d5
4.e3 c5
5.Bf1d3 cxd4
6.exd4 Nb8c6
7.Bd3xe4 dxe4
8.Ng1e2 g6
9.Nb1c3 Bf8g7
10.d5 Nc6e5
11.Nc3xe4 Bc8f5
12.Ne2g3 Qd8a5
13.Qd1d2 Qa5xd2
14.Bf4xd2 Ne5c4
15.Bd2c3 Bg7xc3
16.bxc3 Bf5xe4
17.Ng3xe4 { draw }
1/2-1/2

[Event "Match"]
[Site "www.echecsemail.com"]
[Date "2016.07.05"]
[Round "1"]
[White "Libiesse"]
[Black "Pwain"]
[WhiteElo "2010"]
[BlackElo "2220"]
[Result "0-1"]
[Round "1"]
1.d4 c5
2.d5 Ng8f6
3.c4 b5
4.b3 e6
5.Nb1c3 b4
6.Nc3b1 Bc8b7
7.Bc1g5 exd5
8.cxd5 Bb7xd5
9.f3 Bd5e6
10.e4 Bf8e7
11.Nb1d2 O-O
12.Bf1c4 Nb8c6
13.Ng1e2 h6
14.Bg5h4 d5
15.exd5 Nf6xd5
16.Bh4xe7 Nc6xe7
17.Ra1c1 Nd5e3
{ resign }
0-1

[Event "Match"]
[Site "www.echecsemail.com"]
[Date "2016.07.05"]
[Round "1"]
[White "Jhzes"]
[Black "Fangshuo"]
[WhiteElo "1860"]
[BlackElo "2110"]
[Result "0-1"]
[Round "1"]
1.e3 d5
2.c4 c6
3.c5 e5
4.d4 Ng8f6
5.dxe5 Nf6e4
6.b4 a5
7.f3 Qd8h4
8.Ke2 Qh4f2
9.Kd3 Bc8f5
10.fxe4 Bf5xe4
11.Kd4 Nb8d7
12.Ng1h3 Qf2f5
13.Qd1b3 Qf5xe5
{ resign }
0-1

[Event "Match"]
[Site "www.echecsemail.com"]
[Date "2016.07.05"]
[Round "1"]
[White "Liencam2"]
[Black "Chapi"]
[WhiteElo "2320"]
[BlackElo "2130"]
[Result "1-0"]
[Round "1"]
1.e4 c5
2.Nb1c3 Nb8c6
3.Ng1f3 g6
4.d4 cxd4
5.Nf3xd4 Bf8g7
6.Bc1e3 Ng8f6
7.Bf1c4 O-O
8.Bc4b3 a6
9.Qd1d2 b5
10.f3 Nc6a5
11.e5 Nf6e8
12.Be3h6 Na5xb3
13.axb3 d6
14.exd6 Ne8xd6
15.O-O-O Qd8a5
16.Bh6xg7 Kxg7
17.h4 h5
18.Nd4c6 Qa5c7
19.Nc6xe7 Qc7xe7
20.Qd2xd6 Qe7xd6
21.Rd1xd6 Bc8f5
22.Rh1e1 Ra8c8
23.Rd6xa6 b4
24.Nc3e4 Rf8e8
25.Ra6b6 Rc8a8
26.Rb6xb4 Ra8a1
27.Kd2 { resign }
1-0

[Event "Match"]
[Site "www.echecsemail.com"]
[Date "2016.07.05"]
[Round "1"]
[White "Daquata"]
[Black "Susov"]
[WhiteElo "1750"]
[BlackElo "1890"]
[Result "1-0"]
[Round "1"]
1.e4 e5
2.Ng1f3 Nb8c6
3.Bf1c4 h6
4.d4 exd4
5.Nf3xd4 Nc6xd4
6.Qd1xd4 d6
7.Nb1c3 a6
8.Bc1f4 b5
9.Bc4d5 c5
10.Bd5c6 Bc8d7
11.Qd4d5 Ra8c8
12.Bc6xd7 Qd8xd7
13.O-O-O Ng8f6
14.Qd5d3 Nf6g4
15.Qd3g3 h5
16.h3 Ng4f6
17.Bf4xd6 Qd7e6
18.Bd6xf8 Kxf8
19.Rh1e1 h4
20.Qg3d6 Qe6xd6
21.Rd1xd6 Rc8a8
22.e5 Nf6e8
23.Rd6c6 c4
24.e6 fxe6
25.Re1xe6 Ne8f6
26.Rc6xa6 Ra8xa6
27.Re6xa6 Kf7
28.Nc3xb5 Nf6e4
29.Nb5d6 Ne4xd6
30.Ra6xd6 Rh8c8
31.Rd6d4 g5
32.Kd2 Ke6
33.Kc3 { resign }
1-0

[Event "Match"]
[Site "www.echecsemail.com"]
[Date "2016.07.05"]
[Round "1"]
[White "Sachpat"]
[Black "Caspito"]
[WhiteElo "1809"]
[BlackElo "1790"]
[Result "1-0"]
[Round "1"]
1.e4 e5
2.Ng1f3 Nb8c6
3.Bf1b5 Nc6d4
4.Nf3xd4 exd4
5.O-O c6
6.Bb5a4 Bf8d6
7.d3 Qd8h4
8.f4 Ng8h6
9.Qd1e1 Qh4h5
10.Nb1d2 Nh6g4
11.Nd2f3 O-O
12.h3 Ng4f6
13.e5 Rf8e8
14.Qe1g3 Bd6xe5
15.fxe5 Nf6d5
16.Ba4b3 Nd5b4
17.Nf3g5 d5
18.exd6 Nb4d5
19.Bb3xd5 cxd5
20.Bc1f4 Bc8d7
21.Ra1e1 b5
22.Re1e7 Ra8d8
23.Bf4e5 Qh5g6
24.Rf1xf7 Re8xe7
25.dxe7 { resign }
1-0

[Event "Fast Game"]
[Site "www.echecsemail.com"]
[Date "2016.07.05"]
[Round "1"]
[White "Jhzes"]
[Black "Hennie4820"]
[WhiteElo "1680"]
[BlackElo "1600"]
[Result "1-0"]
[Round "1"]
1.Ng1f3 Ng8f6
2.g3 g6
3.Bf1g2 Bf8g7
4.c4 O-O
5.d4 d6
6.Nb1c3 Nb8d7
7.e3 c6
8.b3 c5
9.d5 Nd7b6
10.Ra1b1 Bc8g4
11.Bc1b2 Bg4xf3
{ time. }
1-0

[Event "Tourn. n8786"]
[Site "www.chess-mail.com"]
[Date "2016.07.06"]
[Round "1"]
[White "Yangqi"]
[Black "Romaamor69"]
[WhiteElo "2660"]
[BlackElo "2200"]
[Result "1-0"]
[Round "1"]
1.e4 e6
2.d4 d5
3.Nb1c3 Bf8b4
4.e5 c5
5.a3 Bb4xc3
6.bxc3 Ng8e7
7.Qd1g4 cxd4
8.Qg4xg7 Rh8g8
9.Qg7xh7 Qd8c7
10.Ng1e2 Nb8c6
11.f4 dxc3
12.h4 Bc8d7
13.h5 O-O-O
14.Qh7d3 Ne7f5
15.Ra1b1 d4
16.Rh1g1 Rg8g4
17.g3 Kb8
18.Bf1h3 Rg4g8
19.g4 Nf5h4
20.Kf2 Bd7c8
21.g5 b6
22.a4 Rg8h8
23.h6 Bc8b7
24.Bc1a3 Nh4g6
25.Rb1b5 Ng6xf4
26.Ne2xf4 Nc6xe5
27.Rb5xe5 Qc7xe5
28.Qd3g3 Ka8
29.Ba3e7 Qe5e4
30.Nf4d3 Rd8d5
31.Qg3f4 Qe4h7
32.Be7f6 Rh8c8
33.g6 fxg6
34.Bh3xe6 Rd5d8
35.Be6xc8 Rd8xc8
36.Bf6g7 Qh7g8
37.Qf4xd4 Qg8f7
38.Qd4f4 Qf7a2
39.Nd3e1 Qa2d5
40.h7 Qd5c5
41.Bg7d4 { resign }
1-0

[Event "Tourn. n8834"]
[Site "www.chess-mail.com"]
[Date "2016.07.06"]
[Round "1"]
[White "Azulmarino"]
[Black "Hansen"]
[WhiteElo "1570"]
[BlackElo "1590"]
[Result "0-1"]
[Round "1"]
1.e4 g5
2.g4 d6
3.d3 e5
4.Nb1c3 Ng8f6
5.h3 a6
6.Bc1xg5 h6
7.Bg5e3 Nb8c6
8.Bf1g2 b5
9.Ng1f3 b4
10.Nc3d5 Nf6d7
11.g5 Bc8b7
12.gxh6 Nc6a5
13.Nf3g5 Bb7xd5
14.exd5 Qd8f6
15.Bg2e4 Bf8xh6
16.Qd1g4 b3
17.Ng5e6 fxe6
18.Be3xh6 Qf6xh6
19.dxe6 Nd7f6
20.Be4g6 Ke7
21.Qg4f5 Rh8f8
22.axb3 Nf6d5
23.Qf5e4 c6
24.Bg6f5 Rf8f6
25.Rh1g1 Nd5f4
26.Ra1xa5 Nf4xh3
27.Qe4xc6 Qh6c1
28.Ke2 Nh3xg1
{ resign }
0-1

[Event "Tourn. n8826"]
[Site "www.chess-mail.com"]
[Date "2016.07.06"]
[Round "1"]
[White "Louis"]
[Black "Wwgia"]
[WhiteElo "2000"]
[BlackElo "2010"]
[Result "0-1"]
[Round "1"]
1.b4 a5
2.b5 c6
3.e4 d5
4.e5 Bc8f5
5.bxc6 Nb8xc6
6.Ng1f3 e6
7.Bf1b5 Bf8c5
8.d4 Bc5b4
9.c3 Bb4e7
 { time }
0-1

[Event "Tourn. n8739"]
[Site "www.chess-mail.com"]
[Date "2016.07.06"]
[Round "1"]
[White "Ssharp"]
[Black "Orhany24"]
[WhiteElo "2220"]
[BlackElo "2200"]
[Result "0-1"]
[Round "1"]
1.e4 e5
2.Ng1f3 Nb8c6
3.Bf1c4 Ng8f6
4.Nf3g5 d5
5.exd5 Nc6a5
6.Bc4b5 c6
7.dxc6 bxc6
8.Bb5e2 h6
9.Ng5f3 Bf8d6
10.d3 O-O
11.O-O c5
12.Nb1c3 Bc8b7
13.b3 Na5c6
14.Bc1b2 a6
15.Nc3e4 Nf6xe4
16.dxe4 Qd8e7
17.c3 Ra8d8
18.Qd1c2 Kh8
19.Ra1d1 Bd6c7
20.Bb2a3 Bc7d6
21.Ba3c1 Bb7c8
22.h3 f5
23.Be2d3 f4
24.Qc2e2 a5
25.a4 g5
26.Nf3h2 Qe7f7
27.Bd3c4 Bc8e6
28.Bc4d5 Nc6e7
29.Bd5xe6 { time. }
0-1

[Event "Tourn. n8826"]
[Site "www.chess-mail.com"]
[Date "2016.07.06"]
[Round "1"]
[White "Hundegana"]
[Black "Louis"]
[WhiteElo "2050"]
[BlackElo "2000"]
[Result "1-0"]
[Round "1"]
1.f4 d5
2.d4 Ng8f6
3.Nb1c3 Bc8f5
4.g3 c5
5.e3 e6
6.Bf1g2 Nb8c6
7.Ng1f3 Nc6b4
8.O-O Bf5xc2
9.Qd1d2 Bc2f5
10.a3 Nb4c6
11.Rf1e1 c4
12.h3 h5
13.Nf3g5 Nc6a5
14.Qd2d1 Na5b3
15.Ra1a2  { time }
1-0

[Event "Tourn. n8824"]
[Site "www.chess-mail.com"]
[Date "2016.07.06"]
[Round "1"]
[White "Francesco"]
[Black "Jhzes"]
[WhiteElo "2020"]
[BlackElo "1830"]
[Result "1-0"]
[Round "1"]
1.e4 e5
2.Ng1f3 Ng8f6
3.d4 exd4
4.e5 Qd8e7
5.Bf1e2 Nf6d5
6.Qd1xd4 Nd5b4
7.Qd4e4 c6
8.a3 Nb4d5
9.c4 Nd5f6
10.Qe4c2 Nf6g4
11.Bc1g5 f6
12.exf6 gxf6
13.Bg5h4 d6
14.O-O h5
15.Rf1e1 Ng4e5
16.Nf3xe5 dxe5
17.Qc2g6 Kd8
18.Bh4xf6 { resign }
1-0

[Event "Tourn. n8812"]
[Site "www.chess-mail.com"]
[Date "2016.07.06"]
[Round "1"]
[White "Gimmyg"]
[Black "Romaamor69"]
[WhiteElo "2520"]
[BlackElo "2330"]
[Result "1/2-1/2"]
[Round "1"]
1.e4 e6
2.Qd1e2 Ng8f6
3.Ng1f3 d5
4.d3 c5
5.g3 Bf8e7
6.Bf1g2 Nb8c6
7.Nb1d2 O-O
8.O-O b6
9.e5 Nf6d7
10.Rf1e1 Qd8c7
11.c3 Bc8b7
12.Nd2f1 b5
13.Bc1f4 a5
14.h4 a4
15.Nf1e3 d4
16.cxd4 Nc6xd4
17.Nf3xd4 cxd4
18.Ne3d5 Bb7xd5
19.Bg2xd5 exd5
20.e6 Be7d6
21.Bf4xd6 Qc7xd6
22.exd7 Qd6xd7
23.Qe2e5 Rf8e8
{ draw }
1/2-1/2

[Event "Tourn. n8804"]
[Site "www.chess-mail.com"]
[Date "2016.07.06"]
[Round "1"]
[White "Fabos12"]
[Black "Esperanza"]
[WhiteElo "1860"]
[BlackElo "1819"]
[Result "0-1"]
[Round "1"]
1.Ng1f3 Ng8f6
2.d4 g6
3.c4 Bf8g7
4.Nb1c3 O-O
5.Bc1g5 d6
6.e4 Nb8d7
7.Bf1d3 c6
8.Ra1c1 e5
9.d5 h6
10.Bg5xf6 Nd7xf6
11.O-O Bc8g4
12.Qd1d2 Bg4xf3
13.gxf3 Nf6h5
14.Nc3e2 Qd8h4
15.Ne2g3 Nh5f4
16.Bd3b1 Qh4h3
17.Qd2xf4 exf4
18.Ng3e2 Qh3xf3
19.Ne2c3 Bg7e5
20.Bb1c2 Qf3g4
21.Kh1 f3
22.Rf1g1 Qg4h3
23.Rg1g3 Be5xg3
24.fxg3 Qh3g2

0-1

[Event "Tourn. n8825"]
[Site "www.chess-mail.com"]
[Date "2016.07.06"]
[Round "1"]
[White "Jhzes"]
[Black "Nulladies"]
[WhiteElo "1830"]
[BlackElo "1679"]
[Result "1-0"]
[Round "1"]
1.c4 b5
2.cxb5 c5
3.bxc6 Nb8xc6
4.e3 e5
5.Bf1c4 d5
6.Bc4b5 Bc8b7
7.Qd1a4 Qd8c7
8.Nb1c3 Ng8e7
9.Ng1f3 a6
10.Bb5e2 g6
11.O-O Bf8g7
12.d4 e4
13.Nf3d2 O-O
14.Nd2b3 f5
15.Bc1d2 Bb7c8
16.Nb3c5 a5
17.Nc3b5 Qc7b6
18.b4 Bc8b7
19.Nb5d6 Bb7c8
20.Rf1b1 Nc6xb4
21.Bd2xb4 axb4
22.Qa4xa8 Qb6xd6
23.Rb1xb4 Bc8e6
24.Qa8a3 Rf8c8
25.Nc5b7 Qd6d7
26.Be2a6 Rc8a8
27.Ra1c1 Kf7
28.Nb7c5 Qd7d6
29.Qa3a5 Ne7c6
30.Rb4b7 Kg8
31.Qa5c7 Qd6xc7
32.Rb7xc7 Nc6b8
33.Ba6b7 Ra8xa2
34.Nc5xe6 { resign }
1-0

[Event "Tourn. n8788"]
[Site "www.chess-mail.com"]
[Date "2016.07.06"]
[Round "1"]
[White "Gfalk"]
[Black "Julian"]
[WhiteElo "1890"]
[BlackElo "2050"]
[Result "0-1"]
[Round "1"]
1.f4 d6
2.e4 Ng8f6
3.d3 e5
4.Ng1f3 Bc8g4
5.h3 Bg4d7
6.g3 c6
7.Bf1g2 g6
8.O-O Bf8g7
9.c3 O-O
10.fxe5 dxe5
11.Nf3xe5 Bd7e6
12.Bc1g5 Nb8d7
13.Ne5xd7 Be6xd7
14.e5 Nf6d5
15.Bg5xd8 Ra8xd8
16.Qd1e2 Rf8e8
17.d4 Bd7e6
18.Nb1d2 b5
19.a3 a5
20.Nd2f3 f6
21.Ra1e1 fxe5
22.Nf3xe5 Be6f5
 { time }
0-1

[Event "Tourn. n8856"]
[Site "www.chess-mail.com"]
[Date "2016.07.06"]
[Round "1"]
[White "Liencam2"]
[Black "Faerieking"]
[WhiteElo "2320"]
[BlackElo "2260"]
[Result "0-1"]
[Round "1"]
1.e4 e5
2.Ng1f3 Nb8c6
3.Bf1c4 Ng8f6
4.Nf3g5 Bf8c5
5.d4 Bc5xd4
6.Ng5xf7 Qd8e7
7.Nf7xh8 Bd4xf2
8.Kxf2 Nf6xe4
9.Kg1 Qe7c5
10.Kf1 Qc5f2
{ resign }
0-1

[Event "Tourn. n8746"]
[Site "www.chess-mail.com"]
[Date "2016.07.06"]
[Round "1"]
[White "Azulmarino"]
[Black "Claudia"]
[WhiteElo "1470"]
[BlackElo "1499"]
[Result "0-1"]
[Round "1"]
1.e4 c5
2.c4 d6
3.d3 Ng8f6
4.h3 e6
5.Bc1g5 Bf8e7
6.Qd1f3 O-O
7.Qf3f4 Nb8c6
8.Nb1c3 a6
9.Ng1f3 b6
10.Qf4g3 Bc8b7
11.a3 Nf6h5
12.Qg3h4 Be7xg5
13.Qh4xh5 Bg5f6
14.h4 Nc6d4
15.Nf3g5 h6
16.Ra1c1 Bf6xg5
17.hxg5 Qd8xg5
18.Qh5xg5 hxg5
19.Nc3a4 b5
20.cxb5 axb5
21.Na4b6 Ra8a6
22.Nb6d7 Rf8d8
23.Nd7xc5 dxc5
24.Rc1xc5 f6
25.g3 b4
26.Rc5c4 bxa3
27.bxa3 Ra6xa3
28.f3 Nd4xf3
29.Kf2 Nf3e5
30.Rc4c7 Bb7a8
31.Rc7e7 Ne5xd3
32.Kg2 Ba8xe4
33.Kg1 Be4xh1
34.Kxh1 Ra3a2
35.Re7xe6 Kf7
36.Re6e3 Ra2d2
37.Bf1g2 Nd3f2
38.Kg1 Nf2g4
39.Re3f3 Rd2d1
40.Bg2f1 Rd1xf1
41.Rf3xf1 Rd8d2
42.Rf1e1 f5
{ resign }
0-1

[Event "Tourn. n8832"]
[Site "www.chess-mail.com"]
[Date "2016.07.06"]
[Round "1"]
[White "Kampungboy"]
[Black "Osopanda"]
[WhiteElo "1849"]
[BlackElo "1990"]
[Result "1-0"]
[Round "1"]
1.e4 c5
2.d4 cxd4
3.c3 Nb8c6
4.cxd4 d5
5.e5 e6
6.Nb1c3 Bf8b4
7.Bf1d3 Qd8a5
8.Bc1d2 Nc6xd4
9.a3 Bb4e7
10.Qd1g4 Nd4f5
11.Bd3xf5 exf5
12.Qg4xg7 Bc8e6
13.Ra1c1 f6
14.Qg7xh8 fxe5
15.Qh8xe5 Qa5a6
16.Nc3xd5 Be6xd5
17.Qe5xd5 Ng8f6
18.Qd5xf5 Kf7
19.Ng1f3 Ra8e8
20.Nf3e5 Kg7
21.Qf5g5 Kf8
22.Rc1c4 Qa6xc4
23.Ne5xc4 Nf6e4
24.Qg5f5 Be7f6
25.Bd2h6 Kg8
26.O-O { resign }
1-0

[Event "Tourn. n8853"]
[Site "www.chess-mail.com"]
[Date "2016.07.06"]
[Round "1"]
[White "Bojan"]
[Black "Jhzes"]
[WhiteElo "1960"]
[BlackElo "1850"]
[Result "0-1"]
[Round "1"]
1.b3 c5
2.Bc1b2 d5
3.e3 e6
4.c4 d4
5.Ng1f3 dxe3
6.fxe3 f6
7.d4 Nb8c6
8.Bf1e2 cxd4
9.Nf3xd4 Nc6xd4
10.exd4 Bf8d6
11.Nb1d2 Qd8c7
12.Nd2f3 Bc8d7
13.h3 Bd6g3
14.Kf1 Bd7c6
15.Qd1d3 Bc6xf3
16.Be2xf3 O-O-O
17.Ra1d1 Ng8e7
18.h4 Qc7f4
19.Bb2c1 Qf4c7
20.Qd3e4 Qc7b6
21.Rh1h3 Bg3c7
22.Bf3g4 f5
23.c5 Qb6a6
24.Bg4e2 fxe4
25.Be2xa6 bxa6
26.Rh3e3 Ne7f5
27.Re3xe4 Nf5g3
28.Kg1 Ng3xe4
29.Kf1 Ne4c3
30.Rd1e1 Nc3xa2
31.Bc1b2 Rd8e8
32.Ke2 Bc7g3
33.Re1h1 Rh8f8
34.Rh1h3 Rf8f2
35.Ke3 Rf2xg2
36.Bb2a3 Bg3e1
37.Kf3 Rg2d2
38.Ke3 e5
39.d5 e4
40.Rh3h1 Rd2d3
41.Ke2 Be1a5
42.d6 Rd3xb3
43.c6 Re8d8
44.Ba3c5 Ba5b4
45.Bc5xb4 Na2xb4
{ resign }
0-1